El debate del centenario /
محفوظ في:
| المؤلف الرئيسي: | |
|---|---|
| التنسيق: | نص |
| الموضوعات: | |
| الوسوم: |
إضافة وسم
لا توجد وسوم, كن أول من يضع وسما على هذه التسجيلة!
|
MARC
| LEADER | 00000 a a2200000 04500 | ||
|---|---|---|---|
| 001 | 9410 | ||
| 003 | |||
| 040 | |||
| 100 | |a Beluche, Olmedo | ||
| 245 | |a El debate del centenario / |c Olmedo Beluche | ||
| 650 | |a INDEPENDECIA | ||
| 650 | |a HISTORIA | ||
| 650 | |a PANAMA | ||
| 773 | |g número 461; páginas 26-55 | ||
| 999 | |c 22507 |d 22507 | ||
